Language Quiz

Random Language Quiz

Decline 1st, 2nd and 3rd Declension nouns Quiz Stats

 Plays Quiz not verified by Sporcle

Challenge
Share
Tweet
Embed
Score 0/36 Timer 10:00
0 Plays Today
Hint Answer % Correct
king (dat. sing.)regi
100%
the sea (abl sing.)mari
75%
the animal (abl sing.)animali
75%
the seas (nom. pl.)maria
75%
the animals (acc. pl.)animalia
75%
the seas (gen. pl.)marium
75%
fire (abl. sing.)igne
75%
the mountains (gen. pl.)montium
75%
the head (acc sing.)caput
75%
the song (nom sing.)carmen
75%
the citizen (dat. sing)civi
75%
the consul (acc. sing.)consulem
75%
the leaders (nom. pl.)duces
75%
territories (gen. pl.)finium
75%
rivers (dat. pl.)fluminibus
75%
the brothers (acc. pl.)fratres
75%
the clans (abl. pl.)gentibus
75%
the sister (voc. sing.)soror
75%
Hint Answer % Correct
enemy (gen. pl)hostium
75%
the names (acc. pl.)nomina
75%
letter (dat sing.)epistulae
75%
hour (acc sing.)horam
75%
queen (nom. pl.)reginae
75%
city (gen. sing)urbis
75%
bridge (acc. sing.)pontem
75%
the fathers (voc. pl.)patres
75%
the bread (abl. sing.)pane
75%
the ships (nom. pl.)naves
75%
deaths (gen. pl.)mortium
75%
the mountains (dat. pl.)montibus
75%
the speed (gen. sing)celeritatis
50%
the body (abl sing.)corpore
50%
times (nom. pl.)tempora
50%
command (nom. sing.)imperium
50%
reason (gen. sing.)causae
50%
money (abl. sing.)pecuniā
50%

You're not logged in!

Compare scores with friends on all Sporcle quizzes.
OR
Log In

You Might Also Like...

Show Comments

Extras

Created May 17, 2017ReportNominate
Tags:2nd, 3rd, conjugation, decline, noun

Top Quizzes Today


Score Distribution

Your Account Isn't Verified!

In order to create a playlist on Sporcle, you need to verify the email address you used during registration. Go to your Sporcle Settings to finish the process.

Report this User

Report this user for behavior that violates our Community Guidelines.

Details: